000 00392nam a22001697a 4500
005 20160630104631.0
008 160630b xxu||||| |||| 00| 0 eng d
020 _a81-85749-51-5
041 _aeng
082 _b13016
100 _aVerma A.P
_93272
245 _aMachine Design
260 _bS.K. Kataria & Sons
_c2012
300 _a460
650 _aDiploma Engineering
_9817
942 _cBK
999 _c4855
_d4853